[Event "XXXIX Festival A"]
[Site "Imperia ITA"]
[Date "1997.08.??"]
[Round "8"]
[White "Mrdja, Milan"]
[Black "Biolek, Richard sr"]
[WhiteElo "2390"]
[BlackElo "2410"]
[Result "1/2-1/2"]
[PlyCount "65"]
[EventDate "1997.08.31"]

1. e4 e5 2. Nf3 Nc6 3. Bb5 a6 4. Ba4 Nf6 5. O-O Be7 6. Re1 b5 7. Bb3 O-O 8. h3
d6 9. c3 Na5 10. Bc2 c5 11. d4 Qc7 12. Nbd2 cxd4 13. cxd4 Nc6 14. Nb3 a5 15.
Be3 a4 16. Nbd2 Nb4 17. Bb1 Bd7 18. a3 Na6 19. Bd3 Qb8 20. Qe2 Bd8 21. Rab1 Re8
22. dxe5 dxe5 23. b3 Nc7 24. bxa4 Rxa4 25. Nc4 Na6 26. Nb6 Bxb6 27. Bxb5 Bxb5
28. Qxb5 Ra5 29. Qxb6 Qxb6 30. Bxb6 Rxa3 31. Rb5 Ra4 32. Rxe5 Rxe5 33. Nxe5
1/2-1/2

[Event "XXXIX Festival A"]
[Site "Imperia ITA"]
[Date "1997.08.??"]
[Round "8"]
[White "Nurkic, Sahbaz"]
[Black "Lazarev, Vladimir"]
[WhiteElo "2430"]
[BlackElo "2500"]
[Result "1-0"]
[PlyCount "61"]
[EventDate "1997.08.31"]

1. e4 c5 2. c3 Nf6 3. e5 Nd5 4. d4 cxd4 5. Nf3 Nc6 6. Bc4 Nb6 7. Bb3 g6 8. cxd4
d5 9. h3 Bg7 10. O-O O-O 11. Nc3 f6 12. exf6 exf6 13. Re1 Kh8 14. a4 g5 15. Bc2
g4 16. Qd3 f5 17. hxg4 Nb4 18. Qe2 fxg4 19. Ne5 Nxc2 20. Qxc2 Nc4 21. Qe2 Nxe5
22. dxe5 Be6 23. Qd3 Rf5 24. Be3 Qh4 25. Ne2 Rxe5 26. Bd4 Bf5 27. Qd2 Be4 28.
Bxe5 Bxe5 29. Ng3 Rf8 30. Rac1 Kg8 31. Rxe4 1-0

[Event "XXXIX Festival A"]
[Site "Imperia ITA"]
[Date "1997.08.??"]
[Round "8"]
[White "Vujovic, Milorad"]
[Black "Mozny, Milos"]
[WhiteElo "2240"]
[BlackElo "2375"]
[Result "1/2-1/2"]
[PlyCount "99"]
[EventDate "1997.08.31"]

1. e4 c5 2. Nf3 e6 3. Nc3 d6 4. g3 Nf6 5. Bg2 Be7 6. O-O O-O 7. d4 cxd4 8. Nxd4
a6 9. a4 Qc7 10. a5 Bd7 11. Nb3 Nc6 12. Be3 Be8 13. Bb6 Qc8 14. f4 Nd7 15. Na4
Rb8 16. Be3 Qc7 17. Qd2 Bd8 18. Bb6 Nxb6 19. axb6 Qd7 20. Rfd1 Be7 21. c4 Rd8
22. c5 e5 23. Qe2 Qc8 24. Bf3 Nd4 25. Nxd4 exd4 26. cxd6 Bxd6 27. Rac1 Qe6 28.
Rxd4 Bxf4 29. Bg4 Qh6 30. Rxd8 Bxc1 31. b3 Bxa4 32. Rxf8+ Kxf8 33. bxa4 Qxb6+
34. Kg2 g6 35. Qc4 Qb2+ 36. Be2 Kg7 37. h4 h5 38. Kf3 Bd2 39. Qd5 Qf6+ 40. Kg2
Be3 41. Bf3 Qb2+ 42. Kh3 Bd4 43. Qc4 b5 44. axb5 axb5 45. Qd3 Be5 46. Bd1 Qf2
47. Bb3 b4 48. Bc4 Bd4 49. Bb3 Be3 50. e5 1/2-1/2

[Event "XXXIX Festival A"]
[Site "Imperia ITA"]
[Date "1997.08.??"]
[Round "9"]
[White "Arlandi, Ennio"]
[Black "Jurek, Josef"]
[WhiteElo "2470"]
[BlackElo "2415"]
[Result "1-0"]
[PlyCount "45"]
[EventDate "1997.08.31"]

1. d4 Nf6 2. c4 e6 3. Nc3 Bb4 4. Qc2 c5 5. dxc5 Bxc5 6. Nf3 Qb6 7. e3 a6 8. Na4
Bb4+ 9. Bd2 Qa5 10. c5 Nc6 11. a3 Bxd2+ 12. Nxd2 d6 13. O-O-O Nd7 14. Nc4 Qc7
15. Nab6 Nxb6 16. cxb6 Qe7 17. Nxd6+ Kf8 18. Bxa6 g6 19. Bb5 Kg7 20. Bxc6 bxc6
21. Qc5 Qf6 22. b7 Rb8 23. Ne4 1-0

[Event "XXXIX Festival A"]
[Site "Imperia ITA"]
[Date "1997.08.??"]
[Round "9"]
[White "De Santis, Alessio"]
[Black "Jirovsky, Milos"]
[WhiteElo "2185"]
[BlackElo "2480"]
[Result "0-1"]
[PlyCount "66"]
[EventDate "1997.08.31"]

1. d4 d5 2. Nf3 Nf6 3. e3 c5 4. Nbd2 e6 5. c3 Nc6 6. Bd3 Qc7 7. O-O Be7 8. dxc5
Bxc5 9. e4 O-O 10. Qe2 h6 11. h3 Nh5 12. Nb3 Ng3 13. Qc2 Bb6 14. Re1 dxe4 15.
Bxe4 Nxe4 16. Qxe4 f6 17. Nbd4 e5 18. Nf5 Bxf5 19. Qxf5 Qf7 20. Be3 Bxe3 21.
Rxe3 Rad8 22. Qc2 Rd5 23. a3 Rfd8 24. c4 Rc5 25. Nd2 a5 26. b4 axb4 27. axb4
Nxb4 28. Qb2 Na6 29. Rb3 Rc7 30. Ra5 Nc5 31. Rbb5 Nd3 32. Qa2 Nf4 33. c5 Qxa2
0-1

[Event "XXXIX Festival A"]
[Site "Imperia ITA"]
[Date "1997.08.??"]
[Round "9"]
[White "Lazarev, Vladimir"]
[Black "Vujovic, Milorad"]
[WhiteElo "2500"]
[BlackElo "2240"]
[Result "1-0"]
[PlyCount "89"]
[EventDate "1997.08.31"]

1. d4 e6 2. c4 d5 3. Nc3 Nf6 4. cxd5 exd5 5. Bg5 Be7 6. e3 h6 7. Bh4 c6 8. Qc2
Nbd7 9. Bd3 O-O 10. Nge2 Re8 11. f3 Bb4 12. Bf2 c5 13. O-O c4 14. Bf5 Nf8 15.
Bxc8 Rxc8 16. h3 Qd7 17. Ng3 Rc6 18. e4 Bxc3 19. bxc3 Ne6 20. e5 Nh7 21. Be3 f6
22. f4 Nef8 23. Rf3 g6 24. f5 fxe5 25. dxe5 Rxe5 26. Bd4 Re7 27. fxg6 Rxg6 28.
Raf1 Qe8 29. Qf5 Rg5 30. h4 Rxf5 31. Nxf5 Re6 32. Rg3+ Ng5 33. hxg5 Kh7 34. Ng7
Qg6 35. Rxf8 Re1+ 36. Kh2 Re4 37. Nf5 Rxd4 38. cxd4 b5 39. Rf6 Qh5+ 40. Rh3
Qxg5 41. Rhxh6+ Kg8 42. Rhg6+ Qxg6 43. Rxg6+ Kf7 44. Ra6 c3 45. Ne3 1-0

[Event "XXXIX Festival A"]
[Site "Imperia ITA"]
[Date "1997.08.??"]
[Round "9"]
[White "Mrdja, Milan"]
[Black "Nurkic, Sahbaz"]
[WhiteElo "2390"]
[BlackElo "2430"]
[Result "0-1"]
[PlyCount "92"]
[EventDate "1997.08.31"]

1. e4 g6 2. d4 Bg7 3. Nc3 c6 4. Bc4 d5 5. exd5 b5 6. Bb3 b4 7. Nce2 cxd5 8. Nf3
Nf6 9. a3 bxa3 10. Rxa3 O-O 11. O-O Nc6 12. Ne5 Bb7 13. Nxc6 Bxc6 14. Nf4 e6
15. Nd3 Nd7 16. c3 a5 17. Ba4 Qb6 18. Bf4 Rfc8 19. Re1 Bf8 20. Ra1 Qb7 21. Bc2
Bb5 22. Rb1 a4 23. h4 Bxd3 24. Qxd3 Qc6 25. h5 a3 26. hxg6 hxg6 27. Bd2 axb2
28. Rxb2 Bg7 29. Reb1 Ra3 30. Rb3 Ra2 31. R3b2 Ra7 32. g3 e5 33. Bb3 Ra3 34.
Ra2 e4 35. Qe3 Rxa2 36. Bxa2 Nf6 37. Qg5 Re8 38. Bb3 Qd7 39. Bc2 Qh3 40. Bd1
Qd7 41. Bb3 Rb8 42. Kg2 Rc8 43. Qh4 Qb5 44. Qf4 Qd3 45. Rb2 Qb5 46. Qh4 e3 0-1

[Event "C.to Provinciale RM"]
[Site "Roma ITA"]
[Date "1997.??.??"]
[Round "1"]
[White "Celletti, Luca"]
[Black "Satta, Vladimiro"]
[Result "0-1"]
[WhiteElo "1600"]
[BlackElo "2230"]
[PlyCount "62"]
[EventDate "1997.??.??"]

1. e4 g6 2. c4 Bg7 3. d4 d6 4. Nc3 Nc6 5. d5 Nd4 6. Be3 c5 7. h3 Qa5 8. Bxd4
Bxd4 9. Qa4+ Qxa4 10. Nxa4 f5 11. f3 Nf6 12. Bd3 fxe4 13. fxe4 Bd7 14. Nc3 Nh5
15. Nge2 Be5 16. O-O-O O-O 17. Rhf1 a6 18. g4 Nf6 19. Rf3 b5 20. cxb5 axb5 21.
a3 b4 22. axb4 cxb4 23. Nb1 Rac8+ 24. Kd2 Bxb2 25. Rdf1 Be5 26. g5 Nh5 27.
Rxf8+ Rxf8 28. Rxf8+ Kxf8 29. Ng1 Bf4+ 30. Ke2 Bxg5 31. Nd2 Nf4+ 0-1

[Event "C.to Provinciale RM"]
[Site "Roma ITA"]
[Date "1997.??.??"]
[Round "1"]
[White "De Vita, Igor"]
[Black "Colesanti, Ugo Maria"]
[Result "1-0"]
[WhiteElo "2115"]
[BlackElo "1552"]
[PlyCount "65"]
[EventDate "1997.??.??"]

1. e4 c5 2. c3 d5 3. exd5 Qxd5 4. d4 e6 5. Nf3 Nc6 6. Be2 cxd4 7. cxd4 Nf6 8.
Nc3 Qd8 9. O-O Be7 10. Be3 O-O 11. h3 b6 12. b4 Bb7 13. b5 Na5 14. Qa4 a6 15.
bxa6 Bxa6 16. Bxa6 Rxa6 17. Ne5 Qa8 18. Qb5 Nb7 19. a4 Nd6 20. Qb3 Rb8 21. Nb5
Nxb5 22. Qxb5 Ra5 23. Qc6 Qa7 24. Qf3 Rxe5 25. dxe5 Nd5 26. Rfc1 Bb4 27. Bd4
Qd7 28. Qe4 Ba5 29. g3 Rd8 30. Rd1 Rb8 31. Qb1 b5 32. axb5 Rxb5 33. Rxa5 1-0

[Event "C.to Provinciale RM"]
[Site "Roma ITA"]
[Date "1997.??.??"]
[Round "1"]
[White "Drago, Valentino"]
[Black "Corvi, Marco"]
[Result "0-1"]
[WhiteElo "1624"]
[BlackElo "2260"]
[PlyCount "100"]
[EventDate "1997.??.??"]

1. d4 f5 2. Bf4 Nf6 3. e3 d6 4. Nf3 c6 5. Be2 g6 6. Nbd2 Bg7 7. c3 Be6 8. Ng5
Bg8 9. h4 h6 10. Nh3 Nbd7 11. g4 e5 12. Bg3 Qe7 13. gxf5 gxf5 14. Bh5+ Nxh5 15.
Qxh5+ Qf7 16. Qxf7+ Bxf7 17. Rg1 Bf6 18. dxe5 dxe5 19. a3 Ke7 20. f3 Be6 21.
Nf2 Rhg8 22. Nd3 Rxg3 23. Rxg3 Bxh4 24. Kf2 Rg8 25. Rag1 b5 26. f4 e4 27. Nb4
Kd6 28. b3 Nc5 29. Nf1 Nd3+ 30. Ke2 Bxg3 31. Rxg3 Rxg3 32. Nxg3 Nc1+ 33. Kd1
Nxb3 34. Nc2 c5 35. Ne1 Na5 36. Ng2 Nc6 37. Nh4 Ne7 38. Kc2 a5 39. Ng2 b4 40.
cxb4 axb4 41. axb4 cxb4 42. Ne2 Nc6 43. Nh4 Kc5 44. Nc1 Na5 45. Ne2 Nc4 46. Ng2
Bd7 47. Nd4 Nxe3+ 48. Nxe3 Kxd4 49. Ng2 Be6 50. Ne1 b3+ 0-1

[Event "C.to Provinciale RM"]
[Site "Roma ITA"]
[Date "1997.??.??"]
[Round "1"]
[White "Farina, Saverio"]
[Black "Dentale, Enrico"]
[Result "1-0"]
[WhiteElo "2195"]
[BlackElo "1600"]
[PlyCount "85"]
[EventDate "1997.??.??"]

1. d4 d5 2. c4 e6 3. Nc3 Nf6 4. Bg5 Be7 5. Nf3 Nbd7 6. Qc2 h6 7. Bf4 a6 8. e3
Bb4 9. cxd5 exd5 10. Bd3 O-O 11. O-O Bxc3 12. Qxc3 c6 13. h3 Re8 14. b4 Ne4 15.
Qc2 Ndf6 16. Ne5 Nd6 17. a4 Nfe4 18. Rab1 f6 19. Nf3 Bd7 20. Nh2 Qe7 21. Rfc1
g5 22. Bxd6 Nxd6 23. Qe2 f5 24. Qh5 Qf6 25. Nf3 Re7 26. Ne5 Be8 27. Qf3 Nf7 28.
Ng4 Qg7 29. Qxf5 Nd6 30. Qf3 Rf7 31. Qg3 Nf5 32. Qe5 Bd7 33. Qxg7+ Kxg7 34. Ne5
Nd6 35. Nxf7 Kxf7 36. g4 h5 37. f3 Kg7 38. a5 Rf8 39. Kg2 Nc8 40. Rf1 Ne7 41.
Rbe1 Ng6 42. Bxg6 Kxg6 43. Kg3 1-0

[Event "C.to Provinciale RM"]
[Site "Roma ITA"]
[Date "1997.??.??"]
[Round "1"]
[White "Passerotti, Pierluigi"]
[Black "Vannelli, Vittorio"]
[Result "1-0"]
[WhiteElo "2310"]
[BlackElo "1636"]
[PlyCount "81"]
[EventDate "1997.??.??"]

1. d4 d6 2. e4 Nf6 3. Nc3 g6 4. Be2 Bg7 5. Nf3 Nbd7 6. O-O O-O 7. h3 e5 8. Re1
exd4 9. Nxd4 Nc5 10. Bf3 a5 11. Bg5 h6 12. Bh4 Qe8 13. Qd2 Nfd7 14. Nd5 Qe5 15.
Nxc7 Qxd4 16. Qxd4 Bxd4 17. Nxa8 Ne5 18. Rad1 Bxb2 19. Rxd6 Nxf3+ 20. gxf3 g5
21. Bg3 Bxh3 22. Nc7 h5 23. Rd5 Ne6 24. Nxe6 Bxe6 25. Rxg5+ Kh7 26. Rxh5+ Kg6
27. Rb5 Bc3 28. Rd1 Bxa2 29. Rxb7 Be6 30. f4 Bg4 31. f3 Bxf3 32. Rd3 Bxe4 33.
Rb6+ Bf6 34. Rdd6 Rg8 35. Rxf6+ Kh5 36. Kf2 Kg4 37. Rh6 Rc8 38. Rh4+ Kf5 39.
Rh5+ Kg4 40. Rg5+ Kh3 41. Rh6# 1-0

[Event "C.to Provinciale RM"]
[Site "Roma ITA"]
[Date "1997.??.??"]
[Round "1"]
[White "Placchetta, Omero"]
[Black "Giangregorio, Pasquale"]
[Result "0-1"]
[WhiteElo "1477"]
[BlackElo "1839"]
[PlyCount "112"]
[EventDate "1997.??.??"]

1. e4 c6 2. d4 d5 3. Nc3 dxe4 4. Nxe4 Bf5 5. Nc3 Nf6 6. Nf3 Nbd7 7. Be2 h6 8.
O-O e6 9. Ne5 Be7 10. h3 Qc7 11. Nxd7 Nxd7 12. Bd3 Bxd3 13. Qxd3 O-O-O 14. Qf3
Nf6 15. Rd1 Bd6 16. Rd3 Rhe8 17. Be3 Nd5 18. Nxd5 exd5 19. a3 Re4 20. Qf5+ Qd7
21. Qxd7+ Kxd7 22. g3 Rde8 23. Kg2 f5 24. Bd2 Bc7 25. c3 Re2 26. Kf1 R8e4 27.
Re1 Rxe1+ 28. Bxe1 g5 29. Rf3 Ke6 30. Bd2 b6 31. Rd3 Kf6 32. f3 Re8 33. Kf2 h5
34. f4 g4 35. h4 Re4 36. b4 Ke6 37. a4 Bd6 38. Bc1 c5 39. b5 Be7 40. Be3 Kd6
41. Rd2 Bf6 42. Rc2 cxd4 43. cxd4 Bxd4 44. Bxd4 Rxd4 45. Rc6+ Kd7 46. Rh6 Rxa4
47. Rxh5 Ke6 48. Rg5 Ra2+ 49. Kg1 d4 50. h5 Rc2 51. Rg6+ Kf7 52. Rc6 d3 53. h6
Rxc6 54. bxc6 d2 55. h7 Kg7 56. Kf2 d1=Q 0-1

[Event "C.to Provinciale RM"]
[Site "Roma ITA"]
[Date "1997.??.??"]
[Round "1"]
[White "Quimi, Marco"]
[Black "Abuhamdieh, Arafat"]
[Result "1-0"]
[WhiteElo "2240"]
[BlackElo "1294"]
[PlyCount "45"]
[EventDate "1997.??.??"]

1. e4 c5 2. Nf3 Nc6 3. d4 cxd4 4. Nxd4 Nf6 5. Nc3 a6 6. Be3 e6 7. Bd3 Nb4 8.
Be2 Be7 9. O-O O-O 10. Qd2 Nc6 11. Rad1 b5 12. a3 Bb7 13. f4 Ne8 14. Bf3 Nxd4
15. Bxd4 Nd6 16. Qf2 Nc4 17. Ne2 Qc7 18. Ng3 Bh4 19. Bxg7 Kxg7 20. Nh5+ Kh8 21.
Qxh4 f5 22. Qe7 Rg8 23. Qf6+ 1-0

[Event "C.to Provinciale RM"]
[Site "Roma ITA"]
[Date "1997.??.??"]
[Round "1"]
[White "Scagliarini, Valentina"]
[Black "Sibilio, Mario"]
[Result "0-1"]
[WhiteElo "1642"]
[BlackElo "2320"]
[PlyCount "66"]
[EventDate "1997.??.??"]

1. e4 c5 2. Nf3 g6 3. d4 Bg7 4. c3 cxd4 5. Nxd4 Nc6 6. Be3 Nf6 7. Nd2 O-O 8.
Be2 e5 9. Nb5 d5 10. Bg5 Be6 11. exd5 Qxd5 12. Nf3 Qxd1+ 13. Bxd1 Bc4 14. Be2
Bxe2 15. Kxe2 a6 16. Na3 h6 17. Be3 Nd5 18. Bc1 e4 19. Nd2 Rfe8 20. Nb3 b5 21.
Rd1 Rad8 22. Bd2 b4 23. Nb1 e3 24. fxe3 Nf4+ 25. Kf3 Nd3 26. Bc1 Nce5+ 27. Ke2
Nf4+ 28. exf4 Nc4+ 29. Kf2 Rxd1 30. N1d2 Ne3 31. Nd4 Bxd4 32. cxd4 Nc2 33. Rb1
Nxd4 0-1

[Event "C.to Provinciale RM"]
[Site "Roma ITA"]
[Date "1997.??.??"]
[Round "1"]
[White "Tamburini, Massimiliano"]
[Black "Bellincampi, Stefano"]
[Result "0-1"]
[WhiteElo "1549"]
[BlackElo "2070"]
[PlyCount "76"]
[EventDate "1997.??.??"]

1. c4 Nf6 2. g3 e6 3. Bg2 d5 4. cxd5 exd5 5. Nc3 c6 6. b3 Bd6 7. d4 O-O 8. Bb2
Re8 9. e3 Bg4 10. Nge2 Qd7 11. h3 Bf5 12. Qd2 Na6 13. a3 Nc7 14. Nf4 h6 15.
Nce2 Ne4 16. Bxe4 Bxe4 17. Rh2 Qe7 18. Nc3 Bf3 19. Nce2 Nb5 20. b4 a5 21. Kf1
axb4 22. a4 Nc7 23. Ng1 Be4 24. f3 Bh7 25. Re2 Ne6 26. h4 Qc7 27. Ngh3 Qb6 28.
Nxe6 Rxe6 29. Nf4 Ree8 30. Kf2 Qc7 31. Ree1 Re7 32. Rac1 Qd7 33. Ra1 Qf5 34.
Rec1 Rae8 35. g4 Bxf4 36. exf4 Qd3 37. Qxd3 Bxd3 38. Re1 Re2+ 0-1

[Event "C.to Provinciale RM"]
[Site "Roma ITA"]
[Date "1997.??.??"]
[Round "1"]
[White "Tersigni, Andrea"]
[Black "Franceschi, Riccardo"]
[Result "1-0"]
[WhiteElo "1777"]
[BlackElo "1836"]
[PlyCount "67"]
[EventDate "1997.??.??"]

1. f4 Nf6 2. Nf3 e6 3. e3 Be7 4. Be2 O-O 5. O-O Nc6 6. b3 b6 7. Bb2 Bb7 8. Qe1
h6 9. d3 Nd5 10. Bd1 Re8 11. c4 Ndb4 12. Be2 Nc2 13. Qc3 N2d4 14. exd4 Bf6 15.
Nbd2 d5 16. Ne5 Nxe5 17. dxe5 Be7 18. d4 c5 19. Qd3 dxc4 20. bxc4 Qc7 21. Bf3
cxd4 22. Bxb7 Qxb7 23. Bxd4 Red8 24. Nf3 Rd7 25. Qc3 Rad8 26. Rad1 Qe4 27. g3
Bc5 28. Rfe1 Qf5 29. Rd2 a5 30. Bxc5 bxc5 31. Red1 Qg4 32. Rxd7 Rxd7 33. Rxd7
Qf5 34. Qd3 1-0

[Event "C.to Provinciale RM"]
[Site "Roma ITA"]
[Date "1997.??.??"]
[Round "2"]
[White "Barro, Carlo"]
[Black "Chiaretti, Roberto"]
[Result "0-1"]
[WhiteElo "1747"]
[BlackElo "2150"]
[PlyCount "54"]
[EventDate "1997.??.??"]

1. Nf3 Nf6 2. g3 d5 3. d3 c6 4. Bg2 Bf5 5. Nbd2 h6 6. O-O e6 7. c4 Be7 8. Qb3
Qb6 9. Qxb6 axb6 10. cxd5 cxd5 11. Nd4 Bh7 12. N2f3 Nc6 13. Bd2 O-O 14. Rfc1
Rfc8 15. a3 Kf8 16. Bh3 g5 17. Nxc6 bxc6 18. Ne5 c5 19. f4 Bd6 20. Bg2 g4 21.
b4 h5 22. b5 Bxe5 23. fxe5 Nd7 24. Bc3 Ra4 25. d4 Rca8 26. dxc5 bxc5 27. Rab1
Bxb1 0-1

[Event "C.to Provinciale RM"]
[Site "Roma ITA"]
[Date "1997.??.??"]
[Round "2"]
[White "Bellincampi, Stefano"]
[Black "Occhipinti, Massimo"]
[Result "1-0"]
[WhiteElo "2070"]
[BlackElo "1749"]
[PlyCount "147"]
[EventDate "1997.??.??"]

1. e4 c5 2. Nf3 d6 3. Bb5+ Bd7 4. Bxd7+ Qxd7 5. c4 Nc6 6. Nc3 e5 7. d3 g6 8.
Bd2 Bg7 9. a3 Nge7 10. Rb1 O-O 11. O-O h6 12. b4 g5 13. Ne1 Ng6 14. g3 Qh3 15.
Nc2 f5 16. Nd5 f4 17. Kh1 fxg3 18. fxg3 Nd4 19. Nxd4 exd4 20. Qe2 Ne5 21. Ne7+
Kh7 22. Nf5 b6 23. Nxd6 cxb4 24. axb4 Ng4 25. Nf5 Be5 26. Qg2 Qh5 27. b5 Rf7
28. Kg1 Raf8 29. h3 Nf6 30. g4 Qg6 31. Bb4 Rg8 32. Ne7 Rxe7 33. Bxe7 Bf4 34.
Bb4 Rg7 35. Bd2 Bd6 36. Rf5 Nd7 37. Rbf1 Qe8 38. Qe2 Ne5 39. Rf6 Qe7 40. R1f2
Ng6 41. Qf1 Nf4 42. R6xf4 gxf4 43. Bxf4 h5 44. Rg2 Rf7 45. Rf2 Rg7 46. Bxd6
Qxd6 47. Rf4 Kg8 48. Qf3 Qb4 49. Kg2 Qe7 50. Rf5 hxg4 51. hxg4 Rh7 52. e5 Rh4
53. Kg3 Rh6 54. g5 Rh7 55. Qf4 Rh1 56. Kg2 Rh5 57. e6 Qxe6 58. Qb8+ Kh7 59.
Qxa7+ Kg8 60. Qa8+ Kh7 61. Qb7+ Kg8 62. Qd5 Qxd5+ 63. cxd5 Kg7 64. Kg3 Kg6 65.
Kg4 Rh1 66. Rf6+ Kg7 67. d6 Rg1+ 68. Kf5 Rf1+ 69. Ke6 Re1+ 70. Kd7 Re5 71. Kc6
Rxg5 72. Re6 Rg3 73. d7 Kf7 74. Rd6 1-0

[Event "C.to Provinciale RM"]
[Site "Roma ITA"]
[Date "1997.??.??"]
[Round "2"]
[White "Corvi, Marco"]
[Black "Marta, Daniele"]
[Result "1-0"]
[WhiteElo "2260"]
[BlackElo "1816"]
[PlyCount "47"]
[EventDate "1997.??.??"]

1. e4 e6 2. d3 d5 3. Nd2 c5 4. Ngf3 Nc6 5. g3 Nf6 6. Bg2 Be7 7. O-O b6 8. Re1
Bb7 9. c3 Qc7 10. Qe2 h6 11. Nb3 dxe4 12. dxe4 O-O-O 13. a4 Nxe4 14. Qxe4 Nd4
15. Qxb7+ Qxb7 16. cxd4 Qd5 17. Nfd2 Qh5 18. a5 cxd4 19. axb6 axb6 20. Nf3 Bc5
21. Bf4 Qd5 22. Nfxd4 Qc4 23. Rec1 Qd3 24. Bc6 1-0

[Event "C.to Provinciale RM"]
[Site "Roma ITA"]
[Date "1997.??.??"]
[Round "2"]
[White "Coscia, Alberto"]
[Black "Tosoni, Augusto"]
[Result "0-1"]
[WhiteElo "1658"]
[BlackElo "2116"]
[PlyCount "34"]
[EventDate "1997.??.??"]

1. e4 c5 2. Nf3 d6 3. d4 cxd4 4. Nxd4 Nf6 5. Nc3 g6 6. Be3 Bg7 7. Be2 O-O 8.
Qd2 Nc6 9. O-O-O Nxd4 10. Bxd4 Be6 11. Bxf6 Bxf6 12. Nd5 Bxd5 13. exd5 Qb6 14.
c3 Rfc8 15. Qe3 Rc5 16. h4 Rac8 17. Rd3 Qb4 0-1

[Event "C.to Provinciale RM"]
[Site "Roma ITA"]
[Date "1997.??.??"]
[Round "2"]
[White "De Carolis, Maurizio"]
[Black "De Vita, Igor"]
[Result "1-0"]
[WhiteElo "1702"]
[BlackElo "2115"]
[PlyCount "81"]
[EventDate "1997.??.??"]

1. d4 Nf6 2. Nf3 e6 3. e3 d5 4. Bd3 Be7 5. O-O c5 6. b3 Nc6 7. a3 O-O 8. Bb2 b6
9. Nbd2 Bb7 10. Ne5 Nxe5 11. dxe5 Nd7 12. f4 f6 13. Qh5 f5 14. g4 g6 15. Qh3
Rf7 16. gxf5 gxf5 17. Kf2 Nf8 18. Rg1+ Ng6 19. Rg2 d4 20. Nf3 dxe3+ 21. Kxe3
Qd5 22. Rg3 Rg7 23. Rag1 c4 24. bxc4 Bc5+ 25. Bd4 Bxd4+ 26. Nxd4 Qc5 27. Qh6
Rd8 28. c3 Kf7 29. Qg5 Re8 30. h4 Qxa3 31. Qf6+ Kg8 32. Nxe6 Rxe6 33. Qxe6+ Kh8
34. Qd6 Qxc3 35. Rxg6 hxg6 36. h5 g5 37. Qf8+ Kh7 38. Qxf5+ Kg8 39. Qe6+ Kf8
40. Qf6+ Kg8 41. fxg5 1-0

[Event "C.to Provinciale RM"]
[Site "Roma ITA"]
[Date "1997.??.??"]
[Round "2"]
[White "Iatrino, Vincenzo"]
[Black "Farina, Saverio"]
[Result "0-1"]
[WhiteElo "1767"]
[BlackElo "2195"]
[PlyCount "123"]
[EventDate "1997.??.??"]

1. e4 e6 2. d4 d5 3. Nc3 c5 4. exd5 exd5 5. Nf3 Nc6 6. Be2 Nf6 7. Bg5 Be7 8.
O-O O-O 9. h3 Be6 10. Re1 Ne4 11. Bxe7 Qxe7 12. Bf1 Qf6 13. Nxe4 dxe4 14. Nd2
Nxd4 15. Nxe4 Qg6 16. c3 Nf5 17. Nxc5 Rad8 18. Qc2 Bd5 19. Re5 Nh4 20. Qxg6
Nxg6 21. Re3 b6 22. Nd3 Rd6 23. b3 Rfd8 24. Rae1 f6 25. Re8+ Rxe8 26. Rxe8+ Kf7
27. Re3 Bb7 28. g3 Bd5 29. Nb4 Be6 30. Rd3 Ke7 31. Rxd6 Kxd6 32. Bg2 a5 33. Nc2
Ne5 34. Nd4 Bd7 35. Kf1 Nd3 36. a3 Nc5 37. Ke2 g5 38. Ke3 h6 39. Bf1 Nb7 40. b4
axb4 41. axb4 Nd8 42. Ke4 h5 43. Nf5+ Kc6 44. h4 Nf7 45. Be2 gxh4 46. gxh4 Be8
47. Ng7 Nd6+ 48. Kf4 Bg6 49. Bxh5 Bb1 50. Bf3+ Kd7 51. Nh5 Ke7 52. Ng3 Nb5 53.
Ne2 Bd3 54. h5 Bxe2 55. Bxe2 Nxc3 56. Bf3 Na2 57. b5 Nc3 58. Bc6 Kf7 59. Kf5
Nd1 60. f3 Ne3+ 61. Ke4 Ng2 62. f4 0-1

[Event "C.to Provinciale RM"]
[Site "Roma ITA"]
[Date "1997.??.??"]
[Round "2"]
[White "Marzano, Carlo"]
[Black "Tersigni, Andrea"]
[Result "1-0"]
[WhiteElo "2160"]
[BlackElo "1777"]
[PlyCount "56"]
[EventDate "1997.??.??"]

1. d4 d5 2. Bf4 Nf6 3. e3 e6 4. Nd2 Bd6 5. Ngf3 c5 6. c3 Nc6 7. Bg3 Qe7 8. Ne5
Bxe5 9. dxe5 Nd7 10. f4 f6 11. Bd3 fxe5 12. Qh5+ Qf7 13. Qxf7+ Kxf7 14. fxe5
Ncxe5 15. O-O+ Ke7 16. Bc2 b6 17. e4 Bb7 18. exd5 Bxd5 19. Rfe1 Nc4 20. Nxc4
Bxc4 21. b3 Bd5 22. Rad1 Kf7 23. c4 Bc6 24. Rd6 Rac8 25. Rdxe6 Rhe8 26. Rxe8
Rxe8 27. Rxe8 Kxe8 28. Bxh7 Nf6 1-0

[Event "C.to Provinciale RM"]
[Site "Roma ITA"]
[Date "1997.??.??"]
[Round "2"]
[White "Papetti, Francesco"]
[Black "Quimi, Marco"]
[Result "0-1"]
[WhiteElo "1780"]
[BlackElo "2240"]
[PlyCount "72"]
[EventDate "1997.??.??"]

1. d4 Nf6 2. c4 c5 3. d5 b5 4. cxb5 a6 5. bxa6 Bxa6 6. Nc3 g6 7. g3 d6 8. Bg2
Bg7 9. e4 Nbd7 10. Nge2 O-O 11. O-O Qc7 12. Bf4 Nh5 13. Re1 Nxf4 14. Nxf4 Rfb8
15. Qc2 Ne5 16. a4 Qa5 17. Nb5 Bxb5 18. axb5 Qxa1 19. Rxa1 Rxa1+ 20. Bf1 Rxb5
21. Kg2 Rb4 22. b3 Ra3 23. Bc4 Nxc4 24. bxc4 Rb2 25. Qd1 Raa2 26. Nd3 Rd2 27.
Qb1 Bd4 28. e5 dxe5 29. Qb8+ Kg7 30. Qe8 Rxd3 31. Qxe7 Rxf2+ 32. Kh3 h5 33. d6
Rdd2 34. g4 Rf3+ 35. Kh4 Rxh2+ 36. Kg5 Be3# 0-1

[Event "C.to Provinciale RM"]
[Site "Roma ITA"]
[Date "1997.??.??"]
[Round "2"]
[White "Piancatelli, Marco"]
[Black "Passerotti, Pierluigi"]
[Result "0-1"]
[WhiteElo "1825"]
[BlackElo "2310"]
[PlyCount "92"]
[EventDate "1997.??.??"]

1. d4 Nf6 2. Nf3 d6 3. c4 g6 4. Nc3 Bg7 5. e4 O-O 6. Be2 Nc6 7. O-O e5 8. dxe5
dxe5 9. Qxd8 Rxd8 10. Bg5 Rd7 11. Rad1 Ne8 12. Rxd7 Bxd7 13. Rd1 Nd4 14. Nxd4
exd4 15. Nb5 c5 16. Bf4 Bc6 17. Nd6 Nf6 18. b4 cxb4 19. e5 Nd7 20. Rxd4 Nxe5
21. Rd1 b6 22. Be3 Nd7 23. Nb5 Bf8 24. Nd4 Ba4 25. Nb3 Nc5 26. Bxc5 Bxc5 27.
Rd5 Bc6 28. Rd2 Be7 29. f4 a5 30. Kf2 a4 31. Nd4 Bc5 32. Bf3 Bxf3 33. Kxf3 Re8
34. Re2 Rd8 35. Nb5 Rd3+ 36. Ke4 Rd1 37. f5 Kg7 38. fxg6 hxg6 39. g4 Rg1 40.
Kd5 Rxg4 41. Rc2 Rh4 42. Nc7 b3 43. axb3 axb3 44. Rb2 Rd4+ 45. Kc6 Rxc4 46.
Rxb3 Bg1+ 0-1

[Event "C.to Provinciale RM"]
[Site "Roma ITA"]
[Date "1997.??.??"]
[Round "2"]
[White "Satta, Vladimiro"]
[Black "Pierangeli, Andrea"]
[Result "0-1"]
[WhiteElo "2230"]
[BlackElo "1783"]
[PlyCount "131"]
[EventDate "1997.??.??"]

1. c4 Nf6 2. g3 g6 3. Bg2 Bg7 4. Nc3 c6 5. e4 e5 6. Nge2 O-O 7. O-O d6 8. d4
exd4 9. Nxd4 Re8 10. Re1 Nbd7 11. Bf4 Ne5 12. b3 Bg4 13. f3 Bd7 14. Qd2 Qc7 15.
Rad1 Rad8 16. Bg5 Bc8 17. Qf4 Qe7 18. Qc1 Qc7 19. Qf4 Qe7 20. Qc1 Qc7 21. f4
Ned7 22. Rf1 h6 23. Bh4 Nc5 24. Qc2 Ne6 25. Nxe6 Bxe6 26. h3 Bc8 27. g4 Rd7 28.
Kh1 Nh7 29. Bg3 Qa5 30. Rf3 Nf8 31. Rfd3 Ne6 32. Ne2 Red8 33. Be1 Qc7 34. b4 a6
35. Bg3 Bf8 36. f5 Ng7 37. c5 g5 38. Qd2 Ne8 39. Nc3 b5 40. Qc2 Qa7 41. cxd6
Nxd6 42. e5 Nc4 43. Rxd7 Rxd7 44. Ne4 Rxd1+ 45. Qxd1 Qe7 46. Nf6+ Kh8 47. Qd4
Bg7 48. Bxc6 Bxf6 49. exf6 Qf8 50. Qd5 Kg8 51. Bc7 Qxb4 52. Qd8+ Qf8 53. Qe7 h5
54. Be8 hxg4 55. hxg4 Bb7+ 56. Kg1 Bf3 57. Qd7 Qc5+ 58. Kf1 Bd5 59. Qd8 Ne3+
60. Ke2 Bc4+ 61. Kd2 Nf1+ 62. Kc2 Be2+ 63. Kb1 Qb4+ 64. Kc2 Ne3+ 65. Kc1 Qc3+
66. Kb1 0-1

[Event "C.to Provinciale RM"]
[Site "Roma ITA"]
[Date "1997.??.??"]
[Round "2"]
[White "Scacco, Mauro"]
[Black "Gardon, Ermanno"]
[Result "1-0"]
[WhiteElo "2045"]
[BlackElo "1722"]
[PlyCount "55"]
[EventDate "1997.??.??"]

1. e4 e6 2. d4 c5 3. Nf3 cxd4 4. Nxd4 Nf6 5. Bd3 Nc6 6. Nxc6 bxc6 7. O-O d5 8.
Nd2 Be7 9. c4 Ba6 10. Qc2 Qc7 11. Re1 Ng4 12. Nf3 Bc5 13. Re2 Qb6 14. b4 dxc4
15. Bxc4 Bxf2+ 16. Kh1 Bxc4 17. Qxc4 O-O 18. h3 Nf6 19. g4 Rfd8 20. Bb2 Ne8 21.
Rf1 Be3 22. Ne5 Nd6 23. Qc3 Bh6 24. g5 Nb5 25. Qf3 Nd4 26. Qxf7+ Kh8 27. gxh6
Rg8 28. Rg2 1-0